Statistics for Quiz on the Year 1968

Click here to take the quiz!

General Stats

  • This quiz has been taken 48 times
    (27 since last reset)
  • The average score is 11 of 15

Answer Stats

HintAnswer% Correct
This civil rights activist is assassinated in MemphisMartin Luther King
96%
In which region do The Troubles begin?Northern Ireland
92%
This potential US presidential nominee and brother of JFK is assassinatedRobert Kennedy
92%
In this country, tensions between Walloons and the Flemish rise over the separation of the Catholic University of LeuvenBelgium
88%
Tommie Smith and John Carlos make a Black Power salute at this sports eventSummer Olympics
88%
This pop/rock band quits drugs, tries Transcendental Medition at Maharishi Mahesh Yogi's ashramThe Beatles
88%
Which movie, directed by Stanley Kubrick, famously plays waltz music to the sight of floating spaceships?2001: A Space Odyssey
85%
The Vietcong launches this military operation, named after Vietnamese New Year{Tet} Offensive
81%
This hand-held desktop pointing device is revealed to the publicComputer mouse
73%
The Soviet Union violently ends the Prague ____Spring
73%
Sergio Leone directs this movie starring Charles BronsonOnce Upon a Time in the {West}
69%
Jimi Hendrix covers this Bob Dylan songAll Along the Watchtower
62%
Philip K. Dick's "Do Androids Dream of Electric Sheep?" is published. Under which title is it adapted 14 years later?Blade Runner
54%
This president flees his country after student protests and street battles erupt in MayCharles de Gaulle
50%
This racist British parliamentarian holds his "Rivers of Blood" speechEnoch Powell
42%

Score Distribution

Percentile by Number Answered

Percent of People with Each Score

Your Score History

You have not taken this quiz since the last reset